Lecciones de álgebra moderna (Registro nro. 8070)

Detalles MARC
000 -LEADER
fixed length control field 00905 a2200229 4500
001 - CONTROL NUMBER
control field 63254
005 - DATE AND TIME OF LATEST TRANSACTION
control field 20260407155928.0
008 - FIXED-LENGTH DATA ELEMENTS--GENERAL INFORMATION
fixed length control field 260407a1965 arg spa d
003 - CONTROL NUMBER IDENTIFIER
control field AR-UNSa-BCEJYS
040 ## - CATALOGING SOURCE
Original cataloging agency AR-UNSa-BCEJYS
Language of cataloging spa
Transcribing agency AR-UNSa-BCEJYS
080 ## - UNIVERSAL DECIMAL CLASSIFICATION NUMBER
Universal Decimal Classification number 512
Common auxiliary subdivision Algebra
041 ## - LANGUAGE CODE
Language code of text/sound track or separate title spa
100 1# - MAIN ENTRY--PERSONAL NAME
Personal name Dubreil, P.
245 10 - TITLE STATEMENT
Title Lecciones de álgebra moderna
264 #1 - PRODUCTION, PUBLICATION, DISTRIBUTION, MANUFACTURE, AND COPYRIGHT NOTICE
Place of production, publication, distribution, manufacture Barcelona :
Name of producer, publisher, distributor, manufacturer Reverté
Date of production, publication, distribution, manufacture, or copyright notice 1965
300 ## - PHYSICAL DESCRIPTION
Extent 434 p.
Dimensions 22 cm.
505 ## - FORMATTED CONTENTS NOTE
Formatted contents note 1. Leyes de composición - 2. Semigrupos. Grupos – 3. Generación de grupos – 4. Anillos y cuerpos – 5. Conjuntos ordenados. Retículos – 6. Axioma de Zorn – 7. Anillos noetherianos – 8. Complementos de la teoría de los grupos – 9. Espacios vectoriales – 10. Cuerpos. Ecuaciones algebraicas –
590 ## - LOCAL NOTE (RLIN)
Local note niveau_biblio:m niveau_hierar:0
700 1# - ADDED ENTRY--PERSONAL NAME
Personal name Dubriel-Jacotin, M.L.
700 1# - ADDED ENTRY--PERSONAL NAME
Personal name Rodriguez Vidal, Rafael
942 ## - ADDED ENTRY ELEMENTS (KOHA)
Koha item type
Existencias
Withdrawn status Lost status Damaged status Not for loan Home library Current library Shelving location Date acquired Total checkouts Full call number Barcode Date last seen Price effective from Koha item type
        Biblioteca Prof. Eusebio Cleto del Rey Biblioteca Prof. Eusebio Cleto del Rey   07/04/2026   512 D819 L23917 07/04/2026 07/04/2026 Libro